Sports Quiz

Random Sports or NFL Quiz

NFL: 400 Yard Playoff Passers Quiz Stats

 Plays Quiz Updated Feb 12, 2018

Score 0/22 Timer 05:00
5 Plays Today
Year - Team Player % Correct
2017 - NWETom Brady
99.6%
2016 - NWETom Brady
99.5%
2004 - INDPeyton Manning
98.7%
2007 - INDPeyton Manning
98.7%
2013 - DENPeyton Manning
98.7%
2011 - NORDrew Brees
96.4%
2011 - NORDrew Brees
96.4%
2010 - NORDrew Brees
96.4%
2009 - GNBAaron Rodgers
95.3%
1995 - MIADan Marino
93.5%
1984 - MIADan Marino
93.5%
Year - Team Player % Correct
2013 - INDAndrew Luck
91.7%
2017 - PITBen Roethlisberger
91.2%
1999 - STLKurt Warner
86.2%
1989 - BUFJim Kelly
78.4%
1988 - PHIRandall Cunningham
69.8%
1981 - SDGDan Fouts
64%
1986 - CLEBernie Kosar
53.7%
1968 - OAKDaryle Lamonica
22.4%
1999 - MINJeff George
17.6%
2002 - CLEKelly Holcomb
17.1%
1981 - MIADon Strock
11.9%

You're not logged in!

Compare scores with friends on all Sporcle quizzes.
OR
Log In

Sporcle TV

Today on Sporcle TV


Watch our educational content, quiz creation guides, and fun videos on Sporcle TV.

Show Comments

Extras

Top Quizzes Today


Score Distribution

Your Account Isn't Verified!

In order to create a playlist on Sporcle, you need to verify the email address you used during registration. Go to your Sporcle Settings to finish the process.

Report this User

Report this user for behavior that violates our Community Guidelines.

Details: